Li ming qian di Zhongguo Tian zhu jiao /
Saved in:
| Main Author: | |
|---|---|
| Format: | Book |
| Language: | Chinese German |
| Published: |
Taizhong Shi :
Zheng xiang chu ban she,
1963.
|
| Edition: | Chu ban. |
| Series: | Zheng xiang li shi cong shu.
|
| Subjects: | |
| Tags: |
Add Tag
No Tags, Be the first to tag this record!
|
| LEADER | 01296cam a2200349 a 4500 | ||
|---|---|---|---|
| 001 | 007766802-2 | ||
| 005 | 20024617110316.0 | ||
| 008 | 940217s1963 ch b b 000 0 chi d | ||
| 035 | 0 | |a ocm29828863 | |
| 040 | |a HkUST |c HkUST |d *YNH* |d CStRLIN | ||
| 041 | 1 | |a chi |h ger | |
| 100 | 1 | |6 880-01 |a Xiang, Tuijie, |d 1923- | |
| 245 | 1 | 0 | |6 880-02 |a Li ming qian di Zhongguo Tian zhu jiao / |c Xiang Tuijie zhu. |
| 250 | |6 880-03 |a Chu ban. | ||
| 260 | |6 880-04 |a Taizhong Shi : |b Zheng xiang chu ban she, |c 1963. | ||
| 300 | |a 162 p. : |b 1 folded map ; |c 19 cm. | ||
| 490 | 1 | |6 880-05 |a Zheng xiang li shi cong shu | |
| 500 | |a German title: Die katholische kirche im Chinesischen Raum. | ||
| 500 | |a Revised translation of the German edition. | ||
| 504 | |a Includes bibliographical references. | ||
| 650 | 0 | |a Catholic Church |z China |x History. | |
| 610 | 2 | 0 | |a Catholic Church |x Missions. |
| 740 | 0 | |a Die katholische kirche im Chinesischen Raum. | |
| 880 | 1 | |6 100-01 |a 項退結, |d 1923- | |
| 880 | 1 | 0 | |6 245-02 |a 黎明前的中國天主教 / |c 項退結著. |
| 880 | |6 250-03 |a 初版. | ||
| 880 | |6 260-04 |a 臺中市 : |b 徵祥出版社, |c 1963. | ||
| 880 | 1 | |6 490-05 |a 徵祥歷史叢書 | |
| 830 | 0 | |6 880-55 |a Zheng xiang li shi cong shu. | |
| 880 | 0 | |6 830-55 |a 徵祥歷史叢書. | |
| 988 | |a 20021105 | ||
| 906 | |0 OCLC | ||


